ميلاد عالم جديد: (Record no. 14375)
[ view plain ]
| 000 -LEADER | |
|---|---|
| fixed length control field | 01492nam a22002777a 4500 |
| 008 - FIXED-LENGTH DATA ELEMENTS--GENERAL INFORMATION | |
| fixed length control field | 100705t xxu||||| |||| 00| 0 eng d |
| 082 ## - DEWEY DECIMAL CLASSIFICATION NUMBER | |
| Edition number | 22 |
| Classification number | 341.2 |
| Item number | ك ل ى |
| 100 ## - MAIN ENTRY--PERSONAL NAME | |
| 9 (RLIN) | 15882 |
| Personal name | كليفلاند،هارلان |
| 245 ## - TITLE STATEMENT | |
| Title | ميلاد عالم جديد: |
| Remainder of title | فرصة متاحة لقيادة عالمية / |
| Statement of responsibility, etc | هارلان كليفلان؛ تقديم روبرت ماكنمارا ؛ ترجمة جمال على زهران ؛ مراجعة محمود إسماعيل محمد |
| 260 ## - PUBLICATION, DISTRIBUTION, ETC. (IMPRINT) | |
| Place of publication, distribution, etc | القاهرة: |
| Name of publisher, distributor, etc | المكتبة الأكاديمية، 2000 |
| Date of publication, distribution, etc | 2000. |
| 300 ## - PHYSICAL DESCRIPTION | |
| Extent | 358ص ؛ |
| Dimensions | 24سم. |
| 500 ## - GENERAL NOTE | |
| General note | ترجمة لكتاب: Birth of A New World: An Open Moment for International Leadership/ by Harlan Cleveland; Foreword by Robert S. McNamara , 1993 |
| 541 ## - IMMEDIATE SOURCE OF ACQUISITION NOTE | |
| Source of acquisition | ألف باء ؛ |
| 650 ## - SUBJECT ADDED ENTRY--TOPICAL TERM | |
| 9 (RLIN) | 14582 |
| Topical term or geographic name as entry element | المنظمات الدولية |
| 650 ## - SUBJECT ADDED ENTRY--TOPICAL TERM | |
| 9 (RLIN) | 15880 |
| Topical term or geographic name as entry element | علاقات خارجية |
| 650 ## - SUBJECT ADDED ENTRY--TOPICAL TERM | |
| 9 (RLIN) | 15471 |
| Topical term or geographic name as entry element | التعاون الدولي |
| 650 ## - SUBJECT ADDED ENTRY--TOPICAL TERM | |
| 9 (RLIN) | 14581 |
| Topical term or geographic name as entry element | الأمن الدولي |
| 650 ## - SUBJECT ADDED ENTRY--TOPICAL TERM | |
| 9 (RLIN) | 16325 |
| Topical term or geographic name as entry element | السلام العالمي |
| 650 ## - SUBJECT ADDED ENTRY--TOPICAL TERM | |
| 9 (RLIN) | 16326 |
| Topical term or geographic name as entry element | المجتمع الدولي |
| 650 ## - SUBJECT ADDED ENTRY--TOPICAL TERM | |
| 9 (RLIN) | 15881 |
| 700 ## - ADDED ENTRY--PERSONAL NAME | |
| 9 (RLIN) | 15883 |
| Personal name | زهران،جمال على |
| 700 ## - ADDED ENTRY--PERSONAL NAME | |
| 9 (RLIN) | 15884 |
| Personal name | ماكنمارا،روبرت |
| 700 ## - ADDED ENTRY--PERSONAL NAME | |
| 9 (RLIN) | 15885 |
| Personal name | محمد،محمود إسماعيل |
| 942 ## - ADDED ENTRY ELEMENTS (KOHA) | |
| Source of classification or shelving scheme | Dewey Decimal Classification |
| Item type | Book - Borrowing |
| Withdrawn status | Item status | Source of classification or shelving scheme | Damaged status | Not for loan | Vendor | Home library | Current library | Shelving location | Date acquired | Source of acquisition | Total Checkouts | Full call number | Barcode | Date last seen | Koha item type |
|---|---|---|---|---|---|---|---|---|---|---|---|---|---|---|---|
| Dewey Decimal Classification | Alef-Baa | Central Library | Central Library | First floor | 05/07/2010 | Donation | 341.2 كلي | 000021429 | 15/07/2025 | Book - Borrowing |